000 00671nam a2200217Ii 4500
003 JO-AjNU
008 230606s9999||||xx |||||||||||||| ||und||
020 _a0-13-033272-0
040 _aJO-AjNU
_beng
_erda
_cJO-AjNU
041 _aeng
050 1 4 _aHF5686.I56.C53 2001
100 3 _aChoi,Frederick D.S / Frost,Carol Ann /Meek,Gary K,
_eauthor
_93094
245 0 0 _aInternational Accounting
250 _a4 ed
264 3 1 _aNew Jersey: Prentice- Hall International,2001
300 _a522p
_b Includes indexes(p512-522)
336 _atext
_btxt
_2rdacontent
337 _aunmediated
_bn
_2rdamedia
338 _avolume
_bnc
_2rdacarrier
650 4 _aAccounting
_93095
999 _aE1622
_c1622
_d1622